[Event "MoroniXCP5"]
[Site "http://www.queenalice.com/game.php?id=175083"]
[Date "2007.2.28"]
[Round "-"]
[White "kennedyrs"]
[Black "moronipimenta"]
[Result "0-1"]
[WhiteElo "1721"]
[BlackElo "1567"]

1. Nf3 Nc6 2. Nc3 e5 3. e4 f5 4. exf5 Qf6 5. Nd5 Qd6 6. Bc4 Qc5 7. Nxc7+ Kd8 8.
Nxa8 Be7 9. d3 d5 10. Bg5 Nf6 11. Bb3 e4 12. dxe4 Bd7 13. exd5 Ne4 14. dxc6
Qxf2# 0-1

[Event "MXCP5-2 Filme Mal Continuado"]
[Site "http://www.queenalice.com/game.php?id=175576"]
[Date "2007.3.1"]
[Round "-"]
[White "moronipimenta"]
[Black "kennedyrs"]
[Result "0-1"]
[WhiteElo "1622"]
[BlackElo "1730"]

1. e4 Nf6 2. d3 d5 3. Nc3 dxe4 4. dxe4 Qxd1+ 5. Nxd1 Nxe4 6. Bd3 Nc5 7. Bb5+ c6
8. Nc3 a6 9. Be2 Bf5 10. Bd3 Bxd3 11. Be3 Nbd7 12. cxd3 Nxd3+ 13. Kd2 Nxb2 14.
Bd4 e5 15. Re1 Bd6 16. Nb1 Nc4+ 17. Kd3 b5 18. Nf3 O-O 19. Re4 exd4 20. Nxd4
Nc5+ 21. Kc3 Nxe4+ 22. Kd3 Nxf2+ 23. Kc2 Nxh1 24. Nxc6 Rae8 25. Nd4 Re5 26. Nd2
Na3+ 27. Kb2 Re2 28. Nxe2 Rc8 29. Kb3 a5 30. Ne4 Be7 31. Nd4 Rc4 32. Nf5 a4+ 33.
Kb2 Rc2+ 34. Ka1 Bb4 35. Nd4 Rc1+ 36. Kb2 Rb1# 0-1

[Event "Kero v c vc é bom memo"]
[Site "http://www.queenalice.com/game.php?id=178474"]
[Date "2007.3.8"]
[Round "-"]
[White "kennedyrs"]
[Black "moronipimenta"]
[Result "1-0"]
[WhiteElo "1750"]
[BlackElo "1619"]

1. Nf3 e6 2. g3 Nf6 3. Nc3 d5 4. d4 c5 5. Bg5 cxd4 6. Qxd4 Nc6 7. Qh4 Bc5 8.
Bxf6 gxf6 9. a3 Bd7 10. Bg2 Qb6 11. Nd1 Qa5+ 12. c3 d4 13. Qxf6 Rg8 14. Ng5 Ne7
15. Qxf7+ Kd8 16. Nxe6+ Bxe6 17. Qxe6 Rg6 18. Qe5 b6 19. Qh8+ Kc7 20. Qxa8 Rg8
21. Qb7+ Kd6 22. b4 Bxb4 23. axb4 Qxa1 24. O-O dxc3 25. Ne3 Qb2 26. Rd1+ Ke6 27.
Qd7+ Kf7 28. Bd5+ Kf6 29. Qe6+ Kg7 30. Qxe7+ Kg6 31. Bxg8 c2 32. Rd6+ 1-0

[Event "CP5 X CP6"]
[Site "http://www.queenalice.com/game.php?id=179282"]
[Date "2007.3.9"]
[Round "-"]
[White "kennedyrs"]
[Black "Kratos"]
[Result "1-0"]
[WhiteElo "1813"]
[BlackElo "1537"]

1. Nf3 Nf6 2. Nc3 Nc6 3. d4 d5 4. Ne5 Bf5 5. Nxc6 bxc6 6. e3 e6 7. Be2 Ne4 8.
Nxe4 Bxe4 9. O-O Qg5 10. f3 Bg6 11. f4 Qf5 12. g4 Qxc2 13. f5 Qxd1 14. Bxd1 exf5
15. gxf5 Bxf5 16. Rxf5 Bd6 17. Ba4 O-O 18. Bxc6 g6 19. Rxd5 Rad8 20. Ra5 Bb4 21.
Rxa7 f5 22. Rxc7 f4 23. Rb7 Rd6 24. Rxb4 Rxc6 25. exf4 Re6 26. d5 Re1+ 27. Kf2
Rfe8 28. d6 Rd1 29. Rb6 g5 30. fxg5 Re6 31. Rb8+ Kg7 32. Rb7+ Kg6 33. d7 Rdd6
34. Bf4 Rd4 35. Be3 Rd3 36. Bb6 Rd2+ 37. Kf3 Kxg5 38. d8=Q+ Rf6+ 39. Ke3 Rd6 40.
Bd4 Rxd8 41. Bxf6+ Kxf6 42. a4 Re8+ 43. Kd4 h5 44. Rf1+ Kg6 45. a5 Rd8+ 46. Kc4
Rd2 47. b3 Rc2+ 48. Kb4 Rxh2 49. a6 Rh4+ 50. Kb5 1-0

[Event "Pega Ladrão_"]
[Site "http://www.queenalice.com/game.php?id=182778"]
[Date "2007.3.15"]
[Round "-"]
[White "kennedyrs"]
[Black "moronipimenta"]
[Result "1-0"]
[WhiteElo "1818"]
[BlackElo "1639"]

1. Nf3 b5 2. Nc3 c6 3. a4 Ba6 4. b4 e6 5. g3 Bxb4 6. Nb1 Qb6 7. e3 bxa4 8. Rxa4
Bxf1 9. Rxf1 Qb5 10. c3 Bxc3 11. Nxc3 Qd3 12. Ne5 Qd6 13. f4 f6 14. Nc4 Qc7 15.
Ba3 d5 16. Nd6+ Kd8 17. Qe2 Nd7 18. Nf7+ Ke8 19. Nxh8 Nb6 20. Ra6 Nc4 21. Bc5
Nh6 22. Kf2 Kd7 23. d3 Nxe3 24. Qxe3 Ng4+ 25. Ke2 Nxe3 26. Kxe3 Rxh8 27. Rxa7
Qxa7 28. Bxa7 Ra8 29. Ra1 Kc7 30. Bb6+ Kb7 31. Rxa8 Kxa8 32. Bd4 Kb7 33. h3 Kc7
34. Bc5 e5 35. Kf3 d4 36. Ne4 Kd7 37. Bf8 g6 38. Nc5+ Ke8 39. h4 Kxf8 40. fxe5
fxe5 41. Ke4 Ke7 42. Kxe5 h5 43. Kxd4 Kd6 44. Na4 Ke6 45. Kc5 Kd7 46. Nb6+ Kc7
47. Nc4 Kd7 48. Ne5+ Ke6 49. Nxg6 Kf5 50. Nf4 Kg4 51. Ne2 Kf3 52. Nf4 Kxg3 53.
Nxh5+ Kxh4 54. Ng7 Kg5 55. Kxc6 Kf6 56. Nh5+ Ke6 57. d4 Ke7 58. d5 Kd8 59. Ng7
Ke7 60. d6+ Kd8 61. Ne6+ Ke8 62. Nc7+ Kd8 63. Nd5 Ke8 64. Kc7 Kf7 65. d7 Ke6 66.
d8=Q Ke5 67. Qf6+ Ke4 68. Qd8 Ke5 69. Qf6+ Kxd5 70. Qf4 Kc5 71. Qe4 Kb5 72. Qd4
Ka5 73. Kc6 Ka6 74. Qb6# 1-0

[Event "Será q dessa vez vai meu pato?"]
[Site "http://www.queenalice.com/game.php?id=186344"]
[Date "2007.3.22"]
[Round "-"]
[White "moronipimenta"]
[Black "kennedyrs"]
[Result "0-1"]
[WhiteElo "1648"]
[BlackElo "1827"]

1. e3 e5 2. Nf3 Nc6 3. Ng5 Qxg5 4. Qf3 Nf6 5. d4 exd4 6. Bd2 dxe3 7. Qxe3+ Qe5
8. Bc3 Ng4 9. Qxe5+ Ngxe5 10. Be2 Be7 11. f4 Ng6 12. Bxg7 Rg8 13. Bh6 Nh4 14.
Rg1 Bc5 15. Rf1 Nxg2+ 16. Kd1 Ne3+ 0-1

[Event "Let's Play Chess!"]
[Site "http://www.queenalice.com/game.php?id=187364"]
[Date "2007.3.25"]
[Round "-"]
[White "IMS"]
[Black "kennedyrs"]
[Result "1-0"]
[WhiteElo "1864"]
[BlackElo "1838"]

1. e4 Nf6 2. Nc3 Nc6 3. d4 e5 4. d5 Na5 5. a3 b6 6. Nf3 d6 7. Bb5+ Bd7 8. b4
Bxb5 9. Nxb5 a6 10. Nc3 Nb7 11. O-O Be7 12. Qe2 O-O 13. h3 Qd7 14. Bg5 a5 15.
Bxf6 Bxf6 16. Qd3 Rfe8 17. Nh2 Bh4 18. g3 Be7 19. Kg2 axb4 20. axb4 Bf6 21. Qb5
Qe7 22. Qc6 Rxa1 23. Rxa1 Nd8 24. Qc4 Qd7 25. Ra7 Re7 26. Nb5 Qc8 27. Rxc7 Rxc7
28. Qxc7 Qxc7 29. Nxc7 Nb7 30. Nf3 Bd8 31. Nb5 1-0

[Event "CP5 Forever"]
[Site "http://www.queenalice.com/game.php?id=188275"]
[Date "2007.3.27"]
[Round "-"]
[White "Kratos"]
[Black "kennedyrs"]
[Result "0-1"]
[WhiteElo "1510"]
[BlackElo "1838"]

1. e4 Nf6 2. Nc3 Nc6 3. Nf3 e5 4. Bc4 Bc5 5. d3 Nd5 6. Nxd5 d6 7. Ng5 O-O 8. Be3
Bxe3 9. Nh3 Bd4 10. Rb1 Bxh3 11. gxh3 Na5 12. c3 Bc5 13. b4 Nxc4 14. dxc4 Bb6
15. Qg4 c6 16. Rg1 g6 17. h4 cxd5 18. cxd5 Qf6 19. Rf1 Rfc8 20. Rc1 h5 21. Qg5
Qf3 22. Qg3 Qxe4+ 23. Kd2 Qxd5+ 24. Qd3 Qxa2+ 25. Rc2 Qe6 26. f4 e4 27. f5 exd3
28. fxe6 dxc2 29. exf7+ Kg7 30. Kxc2 Rc4 31. b5 Rxh4 32. Rd1 Rxh2+ 33. Kb3 Bc5
0-1

[Event "Fuck you CP5"]
[Site "http://www.queenalice.com/game.php?id=196046"]
[Date "2007.4.13"]
[Round "-"]
[White "Kratos"]
[Black "kennedyrs"]
[Result "0-1"]
[WhiteElo "1545"]
[BlackElo "1841"]

1. Nf3 Nf6 2. Nc3 Nc6 3. g3 e5 4. e4 Bc5 5. Bh3 O-O 6. d3 a6 7. Bg5 d6 8. Bf5
Bxf5 9. exf5 Bb4 10. Qd2 Nd4 11. Nxd4 exd4 12. Bh6 gxh6 13. O-O dxc3 14. bxc3
Ba5 15. Rae1 Kg7 16. Qf4 Bxc3 17. Re4 Nxe4 18. dxe4 Qg5 19. Qf3 Qd2 20. h4 Qxc2
21. Rd1 Rfe8 22. Qg4+ Kh8 23. Qf3 Rxe4 24. f6 Re6 25. Rd3 Rxf6 26. Rxc3 Qb1+ 27.
Kg2 Rxf3 28. Rxf3 Qxa2 29. Rxf7 Qd5+ 30. Rf3 Rf8 31. g4 Qxf3+ 0-1

[Event "Fala Sério!"]
[Site "http://www.queenalice.com/game.php?id=199565"]
[Date "2007.4.20"]
[Round "-"]
[White "Kratos"]
[Black "kennedyrs"]
[Result "0-1"]
[WhiteElo "1537"]
[BlackElo "1847"]

1. e4 e5 2. Nf3 Nf6 3. Nc3 Nc6 4. Bb5 Nd4 5. Bc4 Nxf3+ 6. Qxf3 d6 7. Nd5 Nxd5 8.
Bxd5 Qe7 9. d3 c6 10. Bg5 Qxg5 11. Qxf7+ Kd8 12. Bb3 Qxg2 13. O-O-O Qg5+ 14. Kb1
Qe7 15. Qh5 Kc7 16. f4 exf4 17. Qa5+ b6 18. Qc3 f3 19. Bd5 Bd7 20. a4 f2 21. b4
Kb7 22. Bxc6+ Bxc6 23. b5 Bd7 24. Rhf1 a6 25. Rxf2 axb5 26. axb5 Ra5 27. Kc1
Rxb5 28. Kd2 Qg5+ 29. Ke2 Bg4+ 30. Ke1 Qe3+ 31. Kf1 Bh3+ 0-1